Normal view
MARC view
- How To Learn And Speak Correctly-Speaking
Entry Topical Term
001 - CONTROL NUMBER
- control field: 121
003 - CONTROL NUMBER IDENTIFIER
- control field: JO-AjAnu
005 - DATE AND TIME OF LATEST TRANSACTION
- control field: 20230606070324.0
008 - FIXED-LENGTH DATA ELEMENTS
- fixed length control field: 230606|| aca||aabn | a|a d
040 ## - CATALOGING SOURCE
- Original cataloging agency: JO-AjAnu
- Transcribing agency: JO-AjAnu
150 ## - HEADING--TOPICAL TERM
- Topical term or geographic name entry element: How To Learn And Speak Correctly-Speaking
670 ## - SOURCE DATA FOUND
- Source citation: Work cat.: (JO-AjAnu)64: تأليف Nagarajan,T.K, author 120, How To Learn And Speak Correctly